| 000 | 00659nam a22001577a 4500 | ||
|---|---|---|---|
| 003 | OSt | ||
| 005 | 20150927163640.0 | ||
| 008 | 150927b xxu||||| |||| 00| 0 eng d | ||
| 040 | _cRUA | ||
| 082 | _aAGR SVA 1999 B008 Or.1 | ||
| 100 |
_91454 _aSVAY, RIDA. |
||
| 245 | _aeffect of seedling number per hill on yield of ir 66 and ir kesar, ឥទ្ធិពលនៃចំនួនសំណាបក្នុងមួយគុម្ពលើទិន្នផលស្រូវអីអ៊ែរ៦៦និង អីអ៊ែរ កេសរ កេសរ | ||
| 260 |
_aPhnom Penh _bRUA _c1999 |
||
| 300 |
_a43p. _bill. _c29cm. |
||
| 942 |
_2ddc _cAGR |
||
| 999 |
_c1367 _d1367 |
||